000 00832nam a2200253 i 4500
003 DO-SdBNP
005 20260429123224.0
007 ta
008 250610b2010 dr abc|| |||| 00| 0 spa d
040 _aDO-SdBNP
_bspa
_cBNPHU
_erda
082 4 _a361.25
_bP273ma
_222
245 1 0 _aMemoria anual 2010/
_cintroducción, Mabel I. Féliz Báez
264 1 _aSanto Domingo :
_bConsejo Nacional de Drogas,
_c2010.
300 _a51 páginas :
_bIlustraciones, mapas y retratos ;
_c27 cm.
336 _atexto
_btxt
_2rdacontent
337 _asin mediación
_bn
_2rdamedia
338 _avolumen
_bnc
_2rdacarrier
590 _aInventariado 2024 / MF
650 0 _aParticipación política
_9456
650 2 0 _aParticipación política
_9456
700 1 _aFéliz Báez, Mabel I.,
_eintroducción
_922136
910 _aBtavárez
942 _2ddc
_cLF2
999 _c59193
_d59193